=LDR 00000nam 2200000 4500 =001 INLIS000000000023039 =005 20130612121731 =008 ***********************************Ind** =035 ##$$0010-061300000023039 =041 ##$$a Ind =082 ##$$a 675.03 =090 ##$$a 675.03, Cys-h =100 ##$$a Cryssco, Dhanny R =245 ##$$a Himpunan istilah akuntansi =260 ##$$a 2002 $b Jakarta =300 ##$$a viii, 196 hlm., 19 cm =650 ##$$a Akuntansi - Kamus =850 ##$$a NBPNMAT =990 ##$$a 0001/BPAP-NTB/20142014